00999nam a2200229 a 4500008004100000020001500041050001400056100002000070245006600090250001100156260003700167300002100204350000900225500012300234650004100357650004500398650005600443710003000499995009300529999001700622952013000639120416s1986 ||||||||||||||||| || u a0805000844 aE 160 Zas aZaslowsky, Dyan10aThese American lands: parks, wilderness, and the public lands a1st ed aNew York:bHenry Holt & Coc1986 aix, 404p. : ill. a0.00 a"Portions of this book first appeared in Wilderness magazine"--T.p. verso. -Includes index. -Bibliography: p. 383-388. aPUBLIC LANDS--UNITED STATES--HISTORY aWILDERNESS AREAS--UNITED STATES--HISTORY aNATIONAL PARKS AND RESERVES--UNITED STATES--HISTORY aWilderness Society (U.S.) D0.00FCBU-MAIN LIBRARY (Kitwe)H1I22.95UAVAILABLEZMain Library Open Access Collection c59828d59828 00102lcc4070a001b001cMain Library Open Access Collectiond2022-11-30l0oE 160 Zasp001709r2022-11-30w2022-11-30y002